[Event "IRL-ch 100th Weekday op"]
[Site "Dublin"]
[Date "2021.08.05"]
[Round "4"]
[White "O'Connell, Charlie"]
[Black "Pu, Pei Lin Oisin"]
[Result "1-0"]
[WhiteElo "967"]
[BlackElo "700"]
[PlyCount "53"]
[EventDate "2021.08.02"]
[EventType "swiss"]
[EventRounds "5"]
[EventCountry "IRL"]
[SourceTitle "EXT 2022"]
[Source "ChessBase"]
[SourceDate "2021.10.06"]
[SourceVersion "1"]
[SourceVersionDate "2021.10.06"]
[SourceQuality "1"]

1. e4 c5 2. Nf3 d6 3. d4 cxd4 4. Nxd4 Nf6 5. Nc3 a6 6. Be2 e6 7. f4 Nbd7 8. Bf3 Be7 9. Be3 0-0 10. Qd2 Rb8 11. g4 e5 12. Nf5 g6 13. Nxd6 Bxd6 14. Qxd6 Ra8 15. 0-0-0 Ne8 16. Qd2 f6 17. Nd5 b5 18. Nb6 Ra7 19. Nxc8 Qxc8 20. Bxa7 Rf7 21. f5 g5 22. h4 h6 23. hxg5 hxg5 24. Qh2 Kf8 25. Qh8+ Ke7 26. Rh7 Rxh7 27. Qxh7+ 1-0

[Event "IRL-ch 100th First Week"]
[Site "Dublin"]
[Date "2021.07.23"]
[Round "1"]
[White "Pu, Pei Lin Oisin"]
[Black "Luna, Boris"]
[Result "0-1"]
[WhiteElo "700"]
[BlackElo "700"]
[PlyCount "40"]
[EventDate "2021.07.23"]
[EventType "swiss"]
[EventRounds "5"]
[EventCountry "IRL"]
[SourceTitle "EXT 2022"]
[Source "ChessBase"]
[SourceDate "2021.10.06"]
[SourceVersion "1"]
[SourceVersionDate "2021.10.06"]
[SourceQuality "1"]

1. e4 c5 2. Nf3 d6 3. d4 cxd4 4. Nxd4 g6 5. Nc3 Bg7 6. Be3 Nf6 7. Qd2 0-0 8. 0-0-0 a6 9. f3 Nc6 10. Nxc6 bxc6 11. e5 Nd5 12. Nxd5 cxd5 13. Qxd5 Be6 14. Qd2 dxe5 15. Qxd8 Rfxd8 16. Rxd8+ Rxd8 17. Bxa6 Ra8 18. Bd3 Rxa2 19. b3 Ra1+ 20. Kd2 Rxh1 0-1